000 00692nam a2200241 4500
999 _c6279
_d6279
001 2709232
003 GBCCL
005 20241126110559.0
008 700305s1970 ilu b 000 0 eng
010 _a 76105667
020 _a9971965291
040 _aDLC
_cDLC
_dDLC
050 0 0 _aBT77
_b.L555
082 0 0 _a230
_bLIT
100 1 _aLittle, Paul E.
_94976
245 1 0 _aKnow what you believe
_c[by] Paul E. Little.
260 _aSingapore,
_bSU Publications
_c1986, c1973
300 _a138 p.
_c18 cm.
504 _aIncludes bibliographical references.
650 0 _aTheology, Doctrinal
_xPopular works.
_9315
906 _a7
_bcbc
_corignew
_du
_encip
_f19
_gy-gencatlg
942 _2ddc
_cBK
_07